Normal view
MARC view
- علم المكتبات-علم المعلومات
Entry Topical Term
001 - CONTROL NUMBER
- control field: 24456
003 - CONTROL NUMBER IDENTIFIER
- control field: JO-AjAnu
005 - DATE AND TIME OF LATEST TRANSACTION
- control field: 20230606074207.0
008 - FIXED-LENGTH DATA ELEMENTS
- fixed length control field: 230606|| aca||aabn | a|a d
040 ## - CATALOGING SOURCE
- Original cataloging agency: JO-AjAnu
- Transcribing agency: JO-AjAnu
150 ## - HEADING--TOPICAL TERM
- Topical term or geographic name entry element: علم المكتبات-علم المعلومات
670 ## - SOURCE DATA FOUND
- Source citation: Work cat.: (JO-AjAnu)12576: عبدالهادي، محمد فتحي , author 24455, علم المكتبات والمعلومات : دراسات في المؤسسات والاعلام والانتاج الفكري